000 00780nam a2200253Ia 4500
001 9764
003 GE_BSU
008 181216s||||||||xx |||||||||||||| ||und||
020 _a978992863923
040 _cGE_BSU
080 _a821.353.1–1
100 _aმღვარელიძე,მურად
245 _aსიყვარულის ახსნა
245 _bლექსები
245 _cრედ.თათია მთვარელიძე
260 _aთბილისი
260 _bცის ნამი
260 _c2009
300 _a100გვ.ფოტო გარეკანზე.19სმ.
541 _h3ლ.
653 _aლექსები
653 _aსიყვარულის ახსნა
942 _cBK
999 _c43044
_d43044